| 000 | 00326nam a2200121Ia 4500 | ||
|---|---|---|---|
| 008 | 190216s9999||||xx |||||||||||||| ||und|| | ||
| 100 | _aGulshan Ss & Gulshan K Kapoor | ||
| 245 | 0 | _aBanking Law And Practice | |
| 260 |
_bPrentice Hall Of India Pvt Ltd _c1984 |
||
| 300 | _a391p | ||
| 650 | _aBanking Occupations | ||
| 942 | _cBK | ||
| 999 |
_c5348 _d5348 |
||